Lenguaje escrito: diagnóstico, enseñanza y recuperación

Guardat en:
Dades bibliogràfiques
Autor principal: Sánchez, Benjamín (Autor)
Format: Llibre
Idioma:espanyol
Publicat: Buenos Aires Kapelusz 1972
Col·lecció:Colección de Pedagogía Práctica
Matèries:
Etiquetes: Afegir etiqueta
Sense etiquetes, Sigues el primer a etiquetar aquest registre!

MARC

LEADER 00000nam a2200000 a 4500
001 UCW5170
003 CL-VaPUC
008 901213e19720000AG |||||||||||||||||spa|d
082 0 4 |a 372.63  |b SAN  |2 21 
100 |a Sánchez, Benjamín  |e author  |9 468994 
245 1 0 |a Lenguaje escrito: diagnóstico, enseñanza y recuperación 
300 |a 125 p 
942 |c BK 
945 |d 19901213 00:00:00 
260 |a Buenos Aires  |b Kapelusz  |c 1972 
650 0 |a Escritura  |9 264941 
650 0 |a Educación básica   |9 224933 
650 7 |a CALIGRAFIA  |2 CL-VaPUC  |9 310053 
650 7 |a LENGUAJE DE LOS NIÑOS  |2 CL-VaPUC  |9 307440 
490 0 |a Colección de Pedagogía Práctica 
999 |c 218663  |d 218661 
583 |k Rodrigo Vera 
952 |0 0  |1 0  |4 0  |6 372_630000000000000_SAN_1972  |7 0  |8 P  |9 208565  |a BIBEDU  |b BIBEDU  |c BIBEDU_PB  |d 2019-11-15  |i 2764563  |o 372.63 SAN 1972  |p 2764563  |r 2024-01-25  |w 2019-11-15  |y BK  |k EDU 
952 |0 0  |1 0  |4 0  |6 372_630000000000000_SAN_1972  |7 0  |8 P  |9 208566  |a BIBEDU  |b BIBEDU  |c BIBEDU_PB  |d 2019-11-15  |i 2764571  |o 372.63 SAN 1972  |p 2764571  |r 2024-01-25  |w 2019-11-15  |y BK  |k EDU 
952 |0 0  |1 0  |4 0  |6 372_630000000000000_SAN_1972  |7 0  |8 P  |9 208567  |a BIBEDU  |b BIBEDU  |c BIBEDU_PB  |d 2019-11-15  |i 1623397  |o 372.63 SAN 1972  |p 1623397  |r 2024-01-25  |w 2019-11-15  |y BK  |k EDU 
952 |0 0  |1 0  |4 0  |6 372_630000000000000_SAN_1972  |7 0  |8 P  |9 208568  |a BIBEDU  |b BIBEDU  |c BIBEDU_PB  |d 2019-11-15  |i 1622404  |o 372.63 SAN 1972  |p 1622404  |r 2024-01-25  |w 2019-11-15  |y BK  |k EDU 
952 |0 0  |1 0  |4 0  |6 372_630000000000000_SAN_1972  |7 0  |8 P  |9 208569  |a BIBEDU  |b BIBEDU  |c BIBEDU_PB  |d 2019-11-15  |i 1622080  |o 372.63 SAN 1972  |p 1622080  |r 2024-01-25  |w 2019-11-15  |y BK  |k EDU 
952 |0 0  |1 0  |4 0  |6 372_630000000000000_SAN_1972  |7 0  |8 P  |9 208570  |a BIBEDU  |b BIBEDU  |c BIBEDU_PB  |d 2019-11-15  |i 3812081  |o 372.63 SAN 1972  |p 3812081  |r 2024-01-25  |w 2019-11-15  |y BK  |k LIT